Tâm lí học; T1

Αποθηκεύτηκε σε:
Λεπτομέρειες βιβλιογραφικής εγγραφής
Κύριος συγγραφέας: Phạm Minh Hạc
Μορφή: Βιβλίο
Γλώσσα:Undetermined
Έκδοση: Hà Nội Giáo dục 1988
Θέματα:
Ετικέτες: Προσθήκη ετικέτας
Δεν υπάρχουν, Καταχωρήστε ετικέτα πρώτοι!
Thư viện lưu trữ: Trung tâm Học liệu Trường Đại học Cần Thơ
LEADER 00514nam a2200181Ia 4500
001 CTU_5274
008 210402s9999 xx 000 0 und d
082 |a 150 
082 |b H101/T1 
100 |a Phạm Minh Hạc 
245 0 |a Tâm lí học; T1 
245 0 |c Phạm Minh Hạc, Trần Trọng Thủy 
260 |a Hà Nội 
260 |b Giáo dục 
260 |c 1988 
650 |a psychology 
904 |i Nguyễn Quang Điền, 960712 
980 |a Trung tâm Học liệu Trường Đại học Cần Thơ